000 00901cam a2200241 4500
001 WB3706-06
008 000000n2001 000 0 eng u
035 _a(Sirsi) u110798
245 _a£2.5m to repair cathedrals
260 _c2001
490 _aEnglish Heritage Press Release
_v29 January 2001, (2)
520 _aEnglish Heritage pledges £2.5m cathedral grants for 2001/2002 to repair and restore England's cathedrals, and calls on government to acknowledge the important status of cathedrals in historic cities by re-investing tourist tax in conservation projects.
590 _aWB
650 _aTOURIST ATTRACTIONS
650 _aREPAIRS
650 _aRESTORATION
650 _aHISTORIC CITIES
650 _aGRANTS
650 _aCATHEDRALS
650 _aENGLISH HERITAGE
690 _aBUILT ENVIRONMENT-BUILDING MAINTENANCE AND REFURBISHMENT-BUILDING CONSERVATION
942 _n0
999 _c66049
_d66049